000 00406nam a22001217a 4500
008 230612b xxu||||| |||| 00| 0 eng d
082 _a352.12520912
_bKEN
100 _cGOK
245 _a2010/2011 District Allocation Budget of the GOK For the year ending 30th june, 2011
_bVote R10 and D10
_cMinistry of Agriculture
260 _aNairobi, Kenya
_bGOK
_cJune 2011
300 _aVarious Panging
942 _2ddc
_cBK
999 _c1010
_d1010